00709nam a2200181 i 4500001000700000003000900007005001700016007000300033008004100036100003100077245012700108260004200235300003000277700004700307852003200354999001900386952012200405149779ES-MaACL20250704194057.0t|071024s1973 sp ||||1| spa d1 aValverde, Isidoro.911300511a"El cantón murciano" b: órgano oficial de la Federación / cIsidoro Valverde ; prólogo de Pedro Gómez Aparicio. aCartagena : b[Ayuntamiento], c1973. a138 p. : bil. ; c19 cm.1 aGómez Aparicio, Pedro,d1903-1983957818 aES-MaACLjC-54385 bR.87262 c149779d149779 00104070aATENEOMbATENEOMcDEPO2d2008-01-17eSCl0oC-54385p1156295r2023-02-23 00:00:00w2023-02-23yMONOGRAFIA